<?xml version="1.0" encoding="UTF-8"?>
<record
    xmlns:xsi="http://www.w3.org/2001/XMLSchema-instance"
    xsi:schemaLocation="http://www.loc.gov/MARC21/slim http://www.loc.gov/standards/marcxml/schema/MARC21slim.xsd"
    xmlns="http://www.loc.gov/MARC21/slim">

  <leader>00700nam a2200229Ia 4500</leader>
  <controlfield tag="005">20230705150310.0</controlfield>
  <controlfield tag="008">210716s2010    xx            000 0 und d</controlfield>
  <datafield tag="020" ind1=" " ind2=" ">
    <subfield code="a">9788131729878</subfield>
  </datafield>
  <datafield tag="040" ind1=" " ind2=" ">
    <subfield code="c">AIMIT LIBRARY</subfield>
  </datafield>
  <datafield tag="041" ind1=" " ind2=" ">
    <subfield code="a">eng</subfield>
  </datafield>
  <datafield tag="082" ind1=" " ind2=" ">
    <subfield code="a">004.602 </subfield>
    <subfield code="2">4</subfield>
    <subfield code="b">WELL</subfield>
  </datafield>
  <datafield tag="100" ind1=" " ind2=" ">
    <subfield code="a">Welling, Luke.</subfield>
    <subfield code="9">125640</subfield>
  </datafield>
  <datafield tag="245" ind1=" " ind2=" ">
    <subfield code="a">PHP and MySQL web development /</subfield>
    <subfield code="c">By Luke Welling and Laura Thomson.</subfield>
  </datafield>
  <datafield tag="250" ind1=" " ind2=" ">
    <subfield code="a">4th ed.</subfield>
  </datafield>
  <datafield tag="260" ind1=" " ind2=" ">
    <subfield code="a">New Delhi :</subfield>
    <subfield code="b">Pearson Education ,</subfield>
    <subfield code="c">2010.</subfield>
  </datafield>
  <datafield tag="300" ind1=" " ind2=" ">
    <subfield code="a">xxxiv,968p. ;</subfield>
    <subfield code="b">PB</subfield>
    <subfield code="c">22.5 cm</subfield>
  </datafield>
  <datafield tag="650" ind1=" " ind2=" ">
    <subfield code="a">Using PHP</subfield>
    <subfield code="9">125641</subfield>
  </datafield>
  <datafield tag="650" ind1=" " ind2=" ">
    <subfield code="a">Advanced PHP techniques</subfield>
    <subfield code="9">125642</subfield>
  </datafield>
  <datafield tag="650" ind1=" " ind2=" ">
    <subfield code="a">Using MySQL</subfield>
    <subfield code="9">125643</subfield>
  </datafield>
  <datafield tag="700" ind1=" " ind2=" ">
    <subfield code="a">Thomson, Laura.</subfield>
    <subfield code="9">125644</subfield>
  </datafield>
  <datafield tag="942" ind1=" " ind2=" ">
    <subfield code="2">ddc</subfield>
    <subfield code="c">BK</subfield>
    <subfield code="e">4th</subfield>
    <subfield code="k">004.602 WELL</subfield>
  </datafield>
  <datafield tag="999" ind1=" " ind2=" ">
    <subfield code="c">191006</subfield>
    <subfield code="d">191006</subfield>
  </datafield>
  <datafield tag="952" ind1=" " ind2=" ">
    <subfield code="0">0</subfield>
    <subfield code="1">0</subfield>
    <subfield code="2">ddc</subfield>
    <subfield code="4">0</subfield>
    <subfield code="7">0</subfield>
    <subfield code="8">MCA</subfield>
    <subfield code="a">AIMIT</subfield>
    <subfield code="b">AIMIT</subfield>
    <subfield code="e">Athulya Books</subfield>
    <subfield code="g">850.00</subfield>
    <subfield code="i">Bill no:ABK 504; Bill dt:2010-09</subfield>
    <subfield code="l">0</subfield>
    <subfield code="o">004.602 WELL</subfield>
    <subfield code="p">MCA10514</subfield>
    <subfield code="r">2025-07-21 00:00:00</subfield>
    <subfield code="v">637.50</subfield>
    <subfield code="w">2021-07-16</subfield>
    <subfield code="y">BK</subfield>
  </datafield>
  <datafield tag="952" ind1=" " ind2=" ">
    <subfield code="0">0</subfield>
    <subfield code="1">0</subfield>
    <subfield code="2">ddc</subfield>
    <subfield code="4">0</subfield>
    <subfield code="7">0</subfield>
    <subfield code="8">MCA</subfield>
    <subfield code="a">AIMIT</subfield>
    <subfield code="b">AIMIT</subfield>
    <subfield code="e">Athulya Books</subfield>
    <subfield code="g">850.00</subfield>
    <subfield code="i">Bill no:ABK 595; Bill dt:2011-10</subfield>
    <subfield code="l">0</subfield>
    <subfield code="o">004.602 WELL</subfield>
    <subfield code="p">MCA11487</subfield>
    <subfield code="r">2025-07-21 00:00:00</subfield>
    <subfield code="v">637.50</subfield>
    <subfield code="w">2021-07-16</subfield>
    <subfield code="y">BK</subfield>
  </datafield>
</record>
